5 pays par production de ces céréales - Statistiques

Statistiques générales
  • Ce quiz a été pris 71 fois
  • Le résultat moyen est 15 sur 22
Statistiques - réponses
Céréale Pays % Correct
Maïs Brésil
98%
Blé, Maïs, Mils, Riz Chine
98%
Blé, Maïs, Sorgho Etats-Unis
98%
Orge France
97%
Blé, Maïs, Mils, Riz, Sorgho Inde
95%
Maïs Argentine
94%
Avoine, Blé, Orge, Seigle Russie
94%
Avoine, Blé, Orge Canada
92%
Orge, Seigle Allemagne
91%
Sorgho Mexique
88%
Avoine, Orge Australie
86%
Avoine, Seigle Pologne
75%
Riz Indonésie
69%
Riz Vietnam
69%
Seigle Biélorussie
45%
Riz Bangladesh
43%
Mils Niger
40%
Mils, Sorgho Nigéria
35%
Mils Mali
29%
Seigle Danemark
22%
Avoine Finlande
22%
Sorgho Soudan
14%
Aucun quiz correspondant
Distribution des résultats
% des personnes avec chaque résultat
Percentile par nombre de réponses
Votre historique - résultats
Vous n’avez pas pris ce quiz